000 00972nam a22002297a 4500
003 OSt
005 20251008153852.0
008 240408b ||||| |||| 00| 0 eng d
040 _c0
082 _aDPer 621.317 Ie21 October 2022 v. 37 n. 10
100 _aKe, Guangjie.
_eauthor.
_956346
245 _aA single-ended hybrid resonant converter with high misalignment tolerance /
_cGuangjie Ke, Qianhong Chen, Shuai Zhang, Xingcan Xu, and Ligang Xu.
260 _aNew York ;
_bThe Institute of Electrical and Electronics Engineers, Inc. ,
_cOctober 2022.
300 _aVolume 37, pages 12841-12852 :
_billustration ;
_c28 cm.
500 _aIEEE Transactions on Power Electronics, v. 37, n. 10, pages 12841-12852, October 2022.
700 _aKe, Guangjie.
_eauthor.
_956346
700 _aChen, Qianhong.
_eauthor.
_956347
700 _aZhang, Shuai.
_eauthor.
_956348
700 _aXu, Xingcan.
_eauthor.
_956349
700 _aXu, Ligang.
_eauthor.
_956350
942 _2ddc
_cPER
999 _c20089
_d20089